Ghaar-i-Hira main aik raat (Record no. 5104)

000 -LEADER
fixed length control field 00439 a2200157 4500
020 ## - INTERNATIONAL STANDARD BOOK NUMBER
International Standard Book Number 9693518950
040 ## - CATALOGING SOURCE
Original cataloging agency DLC
Language of cataloging DLC
082 ## - DEWEY DECIMAL CLASSIFICATION NUMBER
Classification number 910.4
100 ## - MAIN ENTRY--PERSONAL NAME
Personal name Tarar, Mustansar Hussain.
245 ## - TITLE STATEMENT
Title Ghaar-i-Hira main aik raat
Statement of responsibility, etc. Mustansar Hussain,Tarar
260 ## - PUBLICATION, DISTRIBUTION, ETC.
Place of publication, distribution, etc. Lahore:
Name of publisher, distributor, etc. Sag-e-Meel Publications,
Date of publication, distribution, etc. 2006.
300 ## - PHYSICAL DESCRIPTION
Extent 296 p. ;
Dimensions 24 cm.
500 ## - GENERAL NOTE
General note Includes Index
650 ## - SUBJECT ADDED ENTRY--TOPICAL TERM
Topical term or geographic name entry element Urdu Literature--Travelogue.
942 ## - ADDED ENTRY ELEMENTS (KOHA)
Koha item type Book
Call number prefix 910.4 TAR
Source of classification or shelving scheme
Holdings
Withdrawn status Lost status Damaged status Not for loan Collection code Permanent Location Current Location Shelving location Date acquired Source of acquisition Cost, normal purchase price Total Checkouts Total Renewals Full call number Barcode Date last seen Date last checked out Price effective from Koha item type
          Central Library (CL) Central Library (CL) General Stacks 04/16/2007 Saeed Book Bank 382.50 8 1 910.4 TAR SEECS008416 07/14/2025 04/09/2024 01/05/2017 Book
© 2023 Central Library, National University of Sciences and Technology. All Rights Reserved.